Prieskumník závodný časopis zamestnancov Uhoľného prieskumu v Turč. Tepliciach

Bibliographic Details
New Title:Geologický prieskum
Corporate Authors: Severoslovenské tlačiarne (Martin, Slovensko) (Printer), Nitrianske tlačiarne. Prevádzka Prievidza (Printer), Tlačiarne SNP (Martin, Slovensko) (Printer)
Other Authors: Sklenár, Jozef (Publishing director), Gombarček, Vladimír (Publishing director)
Format: Journal
Language:Slovak
Czech
PhysicalDescription:4 roč. 31 x 21 cm
Published: Turčianske Teplice Uhoľný prieskum, n.p. 1/I 1955-12/IV 1958
Turčianske Teplice Geologický prieskum, n.p.
Subjects:

MARC

LEADER 00000nas a22000001a 4500
001 vtls010302049
003 SK-MaSNL
005 20260228162825.0
008 110810d19551958xo sn p r 0 b0slo
015 |a SNBDS17XX9999 
015 |a 1254  |2 Balúnová 1945-60 
038 |a SNKBUDS 
040 |a SNK  |b slo  |c SNK  |e AACR2 
041 0 |a slo  |a cze 
044 |a xo  |c SK 
080 |a 070.489  |2 2001 
080 |a 622  |2 2001 
080 |a 550.8  |2 2001 
245 0 0 |a Prieskumník  |b závodný časopis zamestnancov Uhoľného prieskumu v Turč. Tepliciach 
260 |a Turčianske Teplice  |b Uhoľný prieskum, n.p.  |c 1/I 1955-12/IV 1958 
260 3 |3 13/IV 1958-14/IV 1958  |a Turčianske Teplice  |b Geologický prieskum, n.p. 
300 |a 4 roč.  |c 31 x 21 cm 
310 |a 2x mesačne 
362 0 |a Roč. I, č. 1 (12.1.1955)-roč. IV, č. 14 (23.7.1958) 
500 |a Zmena podnázvu: od 13/IV (10. júla 1958) Závodný časopis zamestnancov Geologického prieskumu v Turč. Tepliciach 
500 |a Vych. v Turč. Tepliciach 2x mesačne [nepravidelne] vo formáte 31 x 21 cm, od 4/I (25. febr. 1955) 43 x 31 cm 
500 |a Zodp. red. Jozef Sklenár, od 1/III (8. jan. 1958) Vladimír Gombarček 
500 |a Vyd. ZR ROH a ZO KSS Uhoľného prieskumu v Turčianskych Tepliciach, od 4/II (28. apr. 1956) ZV ROH, ZO KSS a vedenie podniku Uhoľného prieskumu, n. p. v Turčianskych Tepliciach, od 13/IV (10. jún 1958) ZV ROH, ZO KSS a vedenie podniku Geolog. prieskumu, n. p. v Turčianskych Tepliciach 
500 |a Tlač. Severoslov. tlačiarne, n. p. Martin, od 4/I (25. febr. 1955) Nitrianske tlačiarne, n. p. Nitra, prev. v Prievidzi, od 1/II (6. jan. 1956) Severoslov. tlačiarne, n. p. Martin, od 8/IV (23. apr. 1958) Tlačiarne SNP v Martine 
500 |a Vych. od 12. jan. 1955. Posl. známe č. 14/ IV z 23. júla 1958. Pov. PK-HS vyd. podnikov č. 9-5582/54-II 
505 8 0 |g Roč. I. 1955 17 č. po 2-8 s. 
505 8 0 |g Roč. II. 1956 19 č. po 2-4 s. 
505 8 0 |g Roč. III. 1957 24 č. po 2-4 s. 
505 8 0 |g Roč. IV. 1958 14 č. po 2-4 s. 
546 |a Prinášal príspevky aj v českom jazyku 
580 |a Od r. 1959 vychádzal namiesto časopisu vrtných závodov spoločný časopis Geologický prieskum 
610 2 7 |a Uhoľný prieskum (Turčianske Teplice, Slovensko)  |2 SNKBUDS  |9 272224 
610 2 7 |a Geologický prieskum (Turčianske Teplice, Slovensko)  |2 SNKBUDS  |9 272225 
650 0 7 |a baníctvo  |2 SNKPH  |9 3571 
650 0 7 |a geologický prieskum  |2 SNKPH  |9 4100 
655 7 |a podnikové časopisy  |2 SNKBUDS  |9 265225 
700 1 |a Sklenár, Jozef  |4 pbd  |9 9381 
700 1 |a Gombarček, Vladimír  |4 pbd  |9 272226 
710 2 |a Uhoľný prieskum (Turčianske Teplice, Slovensko)  |4 pbl  |9 272224 
710 2 |a Severoslovenské tlačiarne (Martin, Slovensko)  |4 prt  |9 245975 
710 2 |a Geologický prieskum (Turčianske Teplice, Slovensko)  |4 pbl  |9 272225 
710 2 |a Nitrianske tlačiarne.  |b Prevádzka Prievidza  |4 prt  |9 272227 
710 2 |a Tlačiarne SNP (Martin, Slovensko)  |4 prt  |9 160232 
785 0 0 |t Geologický prieskum 
852 |a SNK  |b 10000  |h ČSA 478 
852 |a UKB  |b 300000  |h SA 472 
852 |a SVKKK  |b 900000  |h E 232  
852 |a UKB  |b 300000  |h 20 A 203 
999 |c 8396  |d 10326